ARRUPE JESUIT UNIVERSITY

CORONAVIRUS -STOP THE SPREAD - CLEAN,DISINFECT,COVER

The Bundu book of geology, gemmology, and archaeology. (Record no. 128796)

MARC details
000 -LEADER
fixed length control field 00929cam a2200253 4500
001 - CONTROL NUMBER
control field 4101315
003 - CONTROL NUMBER IDENTIFIER
control field ARRUPE
005 - DATE AND TIME OF LATEST TRANSACTION
control field 20190123123139.0
008 - FIXED-LENGTH DATA ELEMENTS--GENERAL INFORMATION
fixed length control field 750128s1968 rh a 000 0 eng
010 ## - LIBRARY OF CONGRESS CONTROL NUMBER
LC control number 74173333
040 ## - CATALOGING SOURCE
Original cataloging agency DLC
Transcribing agency DLC
Modifying agency DLC
043 ## - GEOGRAPHIC AREA CODE
Geographic area code f-rh---
050 00 - LIBRARY OF CONGRESS CALL NUMBER
Classification number SPC. QE27.R6
Item number B86
082 00 - DEWEY DECIMAL CLASSIFICATION NUMBER
Classification number 556.89/1
300 ## - PHYSICAL DESCRIPTION
Other physical details illus.
Dimensions 18 cm.
245 04 - TITLE STATEMENT
Title The Bundu book of geology, gemmology, and archaeology.
260 ## - PUBLICATION, DISTRIBUTION, ETC. (IMPRINT)
Place of publication, distribution, etc [Salisbury]
Name of publisher, distributor, etc Published by Longmans of Rhodesia for The Standing Conference of National Voluntary Youth Organisations in Rhodesia
Date of publication, distribution, etc [1968]
300 ## - PHYSICAL DESCRIPTION
Extent iv, 123 p.
490 0# - SERIES STATEMENT
Series statement Bundu book 3
650 #0 - SUBJECT ADDED ENTRY--TOPICAL TERM
Topical term or geographic name as entry element Geology
Geographic subdivision Zimbabwe.
9 (RLIN) 44070
650 #0 - SUBJECT ADDED ENTRY--TOPICAL TERM
Topical term or geographic name as entry element Precious stones
Geographic subdivision Zimbabwe.
9 (RLIN) 44071
651 #0 - SUBJECT ADDED ENTRY--GEOGRAPHIC NAME
Geographic name Zimbabwe
General subdivision Antiquities.
9 (RLIN) 9546
710 2# - ADDED ENTRY--CORPORATE NAME
Corporate name or jurisdiction name as entry element Standing Conference of National Voluntary Youth Organisations in Rhodesia.
9 (RLIN) 13293
906 ## - LOCAL DATA ELEMENT F, LDF (RLIN)
a 7
b cbc
c orignew
d 4
e ncip
f 19
g y-gencatlg
942 ## - ADDED ENTRY ELEMENTS (KOHA)
Source of classification or shelving scheme Library of Congress Classification
Koha item type SPC
Holdings
Withdrawn status Lost status Source of classification or shelving scheme Damaged status Not for loan Collection code Home library Current library Shelving location Date acquired Total Checkouts Full call number Barcode Date last seen Price effective from Koha item type
    Library of Congress Classification     SPECIAL Collection ARRUPE LIBRARY ARRUPE LIBRARY REFERENCE 23/01/2019   SPC. QE27.R6 B86 46600002443 23/01/2019 23/01/2019 SPC

 

Arrupe Library. PO Box MP320 Mt Pleasant, Harare, Zimbabwe
263 242 745411|librarian@aju.ac.zw